Automatizáciou balenia k nižším nákladom

Technologický pokrok neobchádza ani oblasť balenia tovaru. Automatické baliace stroje dokážu ušetriť nielen čas a peniaze v samotnej firme, ale vďaka nižšej spotrebe obalového materiálu sú šetrnejšie aj voči životnému prostrediu. Výber stroje však nerado nechávať na náhodu. Odborníci radia myslieť p...

Ausführliche Beschreibung

Gespeichert in:
Bibliographische Detailangaben
1. Verfasser: Maťo, Vladimír
Format: Buchkapitel
Sprache:Slowakisch
Schlagworte:
Tags: Tag hinzufügen
Keine Tags, Fügen Sie das erste Tag hinzu!

MARC

LEADER 00000naa a2200000 4500
001 0304994
005 20241108110706.5
041 0 |a slo 
044 |a SK 
245 1 0 |a Automatizáciou balenia k nižším nákladom  |c Vladimír Maťo 
520 |a Technologický pokrok neobchádza ani oblasť balenia tovaru. Automatické baliace stroje dokážu ušetriť nielen čas a peniaze v samotnej firme, ale vďaka nižšej spotrebe obalového materiálu sú šetrnejšie aj voči životnému prostrediu. Výber stroje však nerado nechávať na náhodu. Odborníci radia myslieť pri ňom radšek o krok napred. 
610 2 0 |a balenie 
610 2 0 |a technika obalová 
610 2 0 |a automatizácia 
610 2 0 |a technológia výroby 
100 1 |a Maťo, Vladimír